00376pab a2200145 454500008004000000100002500040245004200065260000900107300001600116362000800132650002800140650002600168650001800194773001800212180718b2002 xxu||||| |||| 00| 0 eng d aChaoyang Peng et al. aUrban air quality and health in China c2002 ap.2283-299. aNov aHealth services - China aAir pollution - China aAir pollution aUrban Studies